| 000 | 00384nam a2200157Ia 4500 | ||
|---|---|---|---|
| 008 | 230711s9999||||xx |||||||||||||| ||und|| | ||
| 041 | _aENG | ||
| 082 |
_a800 _bLE-C |
||
| 100 | _aLewis,Brenda | ||
| 245 | 0 | _aChurchill: an illustrated history | |
| 250 | _a1st . . Ed. | ||
| 260 |
_c2005 _aLondon _bReader Digest Assocation Ltd |
||
| 300 | _a256 | ||
| 650 | _aLiterature | ||
| 942 | _cBK | ||
| 999 |
_c5312 _d5312 |
||